Genes IX (Record no. 478945)

000 -LEADER
fixed length control field 00462nam a22001937a 4500
003 - CONTROL NUMBER IDENTIFIER
control field ASAB
005 - DATE AND TIME OF LATEST TRANSACTION
control field 20180827062304.0
008 - FIXED-LENGTH DATA ELEMENTS--GENERAL INFORMATION
fixed length control field 120430t xxu||||| |||| 00| 0 eng d
020 ## - INTERNATIONAL STANDARD BOOK NUMBER
International Standard Book Number 9780763752224
040 ## - CATALOGING SOURCE
Transcribing agency ASAB
050 ## - LIBRARY OF CONGRESS CALL NUMBER
Classification number 576.5,LEW
100 ## - MAIN ENTRY--PERSONAL NAME
Personal name Benjamin Lewin
9 (RLIN) 203
245 ## - TITLE STATEMENT
Title Genes IX
Statement of responsibility, etc. Benjamin Lewin
260 ## - PUBLICATION, DISTRIBUTION, ETC.
Place of publication, distribution, etc. London
Name of publisher, distributor, etc. Jones and Barrlett Pub
300 ## - PHYSICAL DESCRIPTION
Extent 892
440 ## - SERIES STATEMENT/ADDED ENTRY--TITLE
Title Genes IX
9 (RLIN) 204
650 ## - SUBJECT ADDED ENTRY--TOPICAL TERM
Topical term or geographic name entry element Genetics
9 (RLIN) 205
942 ## - ADDED ENTRY ELEMENTS (KOHA)
Source of classification or shelving scheme
Koha item type Book
Holdings
Withdrawn status Lost status Source of classification or shelving scheme Damaged status Not for loan Collection code Permanent Location Current Location Date acquired Total Checkouts Full call number Barcode Date last seen Price effective from Koha item type
            Atta-ur-Rahman School of Applied Biosciences (ASAB) Atta-ur-Rahman School of Applied Biosciences (ASAB) 04/25/2018   576.5 LEW ASAB520 04/25/2018 04/25/2018 Book
© 2023 Central Library, National University of Sciences and Technology. All Rights Reserved.